LEADER 01341nam a2200301 i 4500 001 000000145432 003 CaOOAMICUS 005 20220314145444.0 008 051129s1992 it u000 u ita u 013 $a120824 020 $a88-17-84171-4 040 $aSeMil$bita 100 1 $aCurtis, Julie A.E.$0(OLS)http://semarc/name/57985 245 12$aI manoscritti non bruciano :$bMichail Bulgakov: una vita in lettere e diari /$cJ.A.E. Curtis ; traduzione di Annabianca Mazzoni e Piero Spinelli. 264 1$aMilano :$bRizzoli,$c1992. 300 $a341 p., [4] p. di tav. ;$c22 cm. 541 0 $aFondo Ciprandi (1W IV 304) 650 4$aBulgakov, Michail Afanas'evi? <1891-1940> - Diari e memorie.$0(OLS)http://semarc/subject/28465 700 1 $aSpinelli, Piero.$0(OLS)http://semarc/name/43134 700 1 $aMazzoni, Annabianca.$0(OLS)http://semarc/name/45464 850 $aSeMil 852 $aSeMil$W1$xVenegono$y1$m1W IV 304$j98216$B98216$CSeMilBibl$Z2$F106271 $81 941 1 $a1 961 $aOmaggio: Ciprandi dott. Paolo 996 $6020$a88-17-84171-4$9(OLS)http://semarc/number/133913 996 $6245$aI manoscritti non bruciano :$bMichail Bulgakov: una vita in lettere e diari$9(OLS)http://semarc/title/212708 996 $6264$aMilano :$bRizzoli$9(OLS)http://semarc/publisher/29824 LEADER 01353nam a2200301 i 4500 001 000000066850 003 CaOOAMICUS 005 20131004000000.0 008 131004s1998 it u000 u ita u 013 $a38022 020 $a88-399-0754-8 040 $aSeMil$bita 100 1 $aMoltmann, Jürgen,$d<1926-2024>.$0(OLS)http://semarc/name/10148 240 14$aDie Quelle des Lebens : der Heilige Geist und die Theologie des Lebens.$0(OLS)http://semarc/title/106404 245 13$aLa fonte della vita :$blo Spirito Santo e la teologia della vita /$cJürgen Moltmann. 260 $aBrescia :$bQueriniana,$ccopyr. 1998. 300 $a182 p. ;$c20 cm. 490 0 $aGiornale di teologia ;$v254 500 $aContiene : Bibliografia. 650 4$aSpirito Santo - Teologia.$0(OLS)http://semarc/subject/1154 650 4$aVita - Teologia.$0(OLS)http://semarc/subject/4352 830 0$aGiornale di teologia ;$v254.$0(OLS)http://semarc/title/419620 850 $aSeMil 852 $aSeMil$W1$xVenegono$y1$m2M III 654$j33003$B33003$CSeMilBibl$Z2$F33006 $81 961 $aAcquisto: Casa editrice 996 $6020$a88-399-0754-8$9(OLS)http://semarc/number/44596 996 $6245$aLa fonte della vita :$blo Spirito Santo e la teologia della vita$9(OLS)http://semarc/title/106403 996 $6260$aBrescia :$bQueriniana$9(OLS)http://semarc/publisher/29615